Hacia el cibernántropo

Na minha lista:
Detalhes bibliográficos
Autor principal: Lefebvre, Henri (Author)
Formato: Livro
Idioma:espanhol
Publicado em: Barcelona Gedisa 1980
Edição:10a. ed
Colecção:Colección Hombre y Sociedad
Assuntos:
Tags: Adicionar Tag
Sem tags, seja o primeiro a adicionar uma tag!

MARC

LEADER 00000nam a2200000 a 4500
001 UCX1735
003 CL-VaPUC
008 901026e19800000SP |||||||||||||||||spa|d
082 0 4 |a 001.53  |b LEF  |2 21 
100 |a Lefebvre, Henri  |e author  |9 581970 
245 1 0 |a Hacia el cibernántropo 
250 |a 10a. ed 
300 |a 182 p 
942 |c BK 
945 |d 19901026 00:00:00 
260 |a Barcelona  |b Gedisa  |c 1980 
650 0 |a Filosofía de las ciencias  |9 256466 
650 0 |a Cibernética  |9 270269 
583 |a last modification  |c 20120930 10:19:04  |k Rodrigo Vera 
490 0 |a Colección Hombre y Sociedad 
999 |c 222903  |d 222901 
952 |0 0  |1 0  |4 0  |6 001_530000000000000_LEF_1980  |7 0  |8 A  |9 218200  |a BIBTEO  |b BIBTEO  |d 2019-11-15  |i 287038K  |o 001.53 LEF 1980  |p 287038K  |r 2025-01-17  |w 2019-11-15  |y BK  |k ICR